Business math (Record no. 247924)

MARC details
000 -LEADER
fixed length control field 00497nam a2200181Ia 4500
008 - FIXED-LENGTH DATA ELEMENTS--GENERAL INFORMATION
fixed length control field 191130s2002##################000#0#eng##
020 ## - INTERNATIONAL STANDARD BOOK NUMBER
ISBN 9780130946904
082 ## - DEWEY DECIMAL CLASSIFICATION NUMBER
Classification number 650.01513 CLE
100 ## - MAIN ENTRY--AUTHOR NAME
Personal name Cleaves, Cheryl
245 ## - TITLE STATEMENT
Title Business math
Statement of responsibility, etc Cheryl Cleaves and Margie Hobbs
260 ## - PUBLICATION, DISTRIBUTION, ETC. (IMPRINT)
Place of publication New Jersey
Name of publisher [publisher not identified]
Year of publication 2002
300 ## - PHYSICAL DESCRIPTION
Number of Pages 778p
700 ## - ADDED ENTRY--PERSONAL NAME
Personal name Hobbs, Margie
991 ## -
-- 362255
Holdings
Withdrawn status Lost status Damaged status Not for loan Home library Current library Shelving location Date acquired Full call number Accession Number Price effective from Koha item type
        Anna Centenary Library Anna Centenary Library 6TH FLOOR, A WING 13.10.2020 650.01513 CLE 296709 13.10.2020 English Books

Find us on the map